| 000 | 01183nam a22002537a 4500 | ||
|---|---|---|---|
| 001 | 8554 | ||
| 003 | FISKH | ||
| 005 | 20250929153541.0 | ||
| 008 | 250929b cb ||||| |||| 00| 0 eng d | ||
| 020 | _a9781781750100 | ||
| 040 |
_aFISKH _beng _cFISKH _eFISKH |
||
| 082 | _a428.6 | ||
| 100 | _aAnonymous | ||
| 245 | _aI like to read in the park / | ||
| 260 |
_aNew Delhi : _bSterling Publishers, _c2012. |
||
| 300 |
_a18 unnumbered pages : _bcolor illustrations ; _c18 cm |
||
| 505 | _aF | ||
| 520 | _aThe story follows a group of children (or sometimes an animal family, depending on the edition) as they prepare for and enjoy a picnic. They pack food, travel to a nice outdoor spot, and share the fun of eating together. Along the way, small adventures happen—like dealing with weather, bugs, or sharing food—but everything turns out happily. The simple sentences, repetitive words, and colorful illustrations make it easy for early readers to enjoy while learning to read with confidence. | ||
| 521 | 8 |
_a300
_bLexile estimate |
|
| 521 | 8 |
_aF
_bRaz-Plus |
|
| 650 |
_aEarly readers _vJuvenile fiction _xFriendship |
||
| 942 |
_2ddc _cBK _n0 |
||
| 999 |
_c8554 _d8554 |
||